| 000 | 00957nam a2200241Ia 4500 | ||
|---|---|---|---|
| 999 |
_c40331 _d40331 |
||
| 001 | 6939 | ||
| 003 | GE_BSU | ||
| 005 | 20200206165400.0 | ||
| 008 | 181216s2002||||ge |||||||||||||| ||geo|| | ||
| 040 | _cGE_BSU | ||
| 041 | _ageo | ||
| 080 | _a821.353.1-31 გ-93 | ||
| 100 |
_aგუდავა, თამარ. _96846 |
||
| 245 |
_aთალპიონი : _bრომანი / _cთამარ გუდავა ; რედ. ნუგზარ ჯაფარიძე ; მალხაზ ჩოხარაძე. |
||
| 264 |
_aბათუმი : _bუნ-ტის გამ-ბა, _c2002. |
||
| 300 |
_a164 გვ. ; _c20 სმ. |
||
| 541 | _h7ლ. | ||
| 653 | _aთალპიონი | ||
| 653 | _aრომანი | ||
| 700 |
_a ჯაფარიძე, ნუგზარ _eრედაქტორი _96847 |
||
| 700 |
_a ჩოხარაძე, მალხაზ _eრედაქტორი _96848 |
||
| 942 |
_cBK _2udc |
||